000 00774nam a2200217Ii 4500
003 JO-AjNU
008 230605s9999||||xx |||||||||||||| ||und||
017 _a2016/7/3433
020 _a978-9957-8736-1-5
040 _aJO-AjNU
_bara
_erda
_cJO-AjNU
041 _aara
050 1 4 _aPJ6011.M34 2016
100 3 _aمجمع اللغة العربية الأردني,
_eauthor
_956867
245 0 0 _aمجمع اللغة العربية الأردني في أربعين عاما
264 3 1 _aعمان: مجمع اللغة العربية الأردني 2017
300 _a253ص
336 _atext
_btxt
_2rdacontent
337 _aunmediated
_bn
_2rdamedia
338 _avolume
_bnc
_2rdacarrier
650 4 _aمجمع اللغة العربية - الأردن - تاريخ
_956868
999 _aA25450
_c29018
_d29018